| Tag |
First Indicator |
Second Indicator |
Subfields |
| LEADER |
00000pam a2200000 i 4500 |
| 001 |
in00000055275 |
| 005 |
20151008052212.0 |
| 008 |
790723s1979 nyu b 00010 eng |
| 010 |
|
|
|a 78064810
|
| 020 |
|
|
|a 089256072X :
|c $11.95
|
| 020 |
|
|
|a 0892561122 (pbk.) :
|c $6.95
|
| 035 |
|
|
|a (OCoLC)05265187
|
| 035 |
|
|
|9 AAH2199AM
|
| 040 |
|
|
|a DLC
|c DLC
|d TXA
|d UtOrBLW
|
| 043 |
|
|
|a n-us---
|
| 049 |
|
|
|a TXAM
|c [1191279]
|
| 050 |
0 |
0 |
|a E169.12
|b .T53 1979
|
| 082 |
0 |
|
|a 973.92
|
| 100 |
1 |
|
|a Thompson, Toby.
|
| 245 |
1 |
5 |
|a The '60s report /
|c Toby Thompson.
|
| 250 |
|
|
|a 1st ed.
|
| 264 |
|
1 |
|a New York :
|b Rawson, Wade Publishers,
|c [1979]
|
| 264 |
|
4 |
|c ©1979
|
| 300 |
|
|
|a ix, 287 pages ;
|c 22 cm.
|
| 336 |
|
|
|a text
|b txt
|2 rdacontent
|
| 337 |
|
|
|a unmediated
|b n
|2 rdamedia
|
| 338 |
|
|
|a volume
|b nc
|2 rdacarrier
|
| 504 |
|
|
|a Includes bibliographical references.
|
| 650 |
|
0 |
|a Popular culture
|z United States.
|
| 651 |
|
0 |
|a United States
|x Civilization
|y 1945-
|
| 999 |
|
|
|a MARS
|
| 999 |
f |
f |
|s 603118bc-abba-3bd7-8b9e-5366e2f61a6c
|i 58d0961b-a063-303d-abf1-2df5caf21369
|t 0
|
| 952 |
f |
f |
|p ric
|a Texas A&M University
|b Rellis Campus
|c Joint Library Facility
|d Remote Storage
|t 0
|e E169.12 .T53 1979
|h Library of Congress classification
|i unmediated -- volume
|m A14802158783
|
| 998 |
f |
f |
|a E169.12 .T53 1979
|t 0
|l Remote Storage
|